|
|
|
|
| LEADER |
00000nam0a2200000 4500 |
| 001 |
349657 |
| 005 |
20231102010226.0 |
| 035 |
|
|
|a (RuTPU)RU\TPU\retro\2410
|
| 090 |
|
|
|a 349657
|
| 100 |
|
|
|a 20180801d1938 k y0rusy50 ca
|
| 101 |
1 |
|
|a rus
|c ger
|
| 102 |
|
|
|a RU
|
| 105 |
|
|
|a y z 000zy
|
| 200 |
1 |
|
|a Нищета философии
|e пер. с нем.
|f К. Маркс
|
| 210 |
|
|
|a Москва
|c Политиздат
|d 1938
|
| 215 |
|
|
|a 160 с.
|
| 316 |
|
|
|5 63413507: КР-5632
|a На обложке владельческая подпись "Бутаков"
|
| 317 |
|
|
|5 63413507: КР-5632
|a Поступила в НТБ в 1970 г. в составе книжного собрания профессора ТПИ И. Н. Бутакова
|
| 606 |
1 |
|
|a Маркс К.
|x Отдельные произведения
|2 stltpush
|3 (RuTPU)RU\TPU\subj\41046
|9 60865
|
| 610 |
1 |
|
|a философия
|
| 610 |
1 |
|
|a философские взгляды
|
| 610 |
1 |
|
|a немецкая философия
|
| 610 |
1 |
|
|a 19 век
|
| 610 |
1 |
|
|a политическая экономия
|
| 610 |
1 |
|
|a метафизика
|
| 610 |
1 |
|
|a потребительская стоимость
|
| 610 |
1 |
|
|a труд
|
| 610 |
1 |
|
|a конкуренция
|
| 610 |
1 |
|
|a монополии
|
| 610 |
1 |
|
|a библиотека И. Н. Бутакова
|
| 610 |
1 |
|
|a владельческая надпись
|
| 686 |
|
|
|a Ю3(0)6-602.136
|v LBC/SL-A
|2 rubbk
|
| 700 |
|
1 |
|a Маркс
|b К.
|g Карл
|
| 801 |
|
1 |
|a RU
|b 63413507
|c 20180801
|
| 801 |
|
2 |
|a RU
|b 63413507
|c 20181229
|g RCR
|
| 942 |
|
|
|c BK
|